Suomalaiset hiihdon maailmanmestarit - Statistics

Yleistilastot
  • Tätä visaa on pelattu 167 kertaa
  • Keskiarvotulos 16 / 30
Vastaustilastot
Kilpailu Hiihtäjä Matka % Oikein
Lahti 2017 Iivo Niskanen 15 km
99%
Trondheim 1997 Mika Myllylä 30 km
87%
Ramsau 1999 Mika Myllylä 10 km | 30 km | 50 km
87%
Lahti 1989 Marja-Liisa Kirvesniemi 10 km
81%
Sapporo 2007 Virpi Kuitunen 30 km
81%
Chamonix 1937 Pekka Niemi 50 km
79%
Liberec 2009 Aino-Kaisa Saarinen 10 km
78%
Lahti 1989 Harri Kirvesniemi 15 km
78%
Zakopane 1929 Veli Saarinen 18 km
78%
Innsbruck 1933 Veli Saarinen 50 km
78%
Lahti 2001 Virpi Kuitunen 5 km + 5 km
77%
Oslo 2011 Matti Heikkinen 15 km
68%
Oberstdorf 1987 Marjo Matikainen 5 km
67%
Lahti 1989 Marjo Matikainen 15 km
67%
Lahti 2001 Pirjo Muranen sprintti
62%
Falun 1954 Veikko Hakulinen 15 km
55%
Lahti 1958 Veikko Hakulinen 15 km
55%
Zakopane 1962 Eero Mäntyranta 30 km
51%
Oslo 1966 Eero Mäntyranta 30 km
51%
Lahti 1978 Helena Takalo 5 km
46%
Lahti 1958 Kalevi Hämäläinen 30 km
38%
Seefeld 1985 Kari Härkönen 15 km
31%
Vysoké Tatra 1970 Kalevi Oikarainen 50 km
25%
Lahti 1938 Kalle Jalkanen 50 km
17%
Zakopane 1939 Jussi Kurikkala 18 km
7%
Lahti 1938 Pauli Pitkänen 18 km
7%
Sollefteå 1934 Sulo Nurmela 50 km
7%
Vysoké Tatry 1935 Klaus Karppinen 18 km
6%
Lahti 1926 Matti Raivio 18 km | 50 km
4%
Zakopane 1929 Anselm Knuuttila 50 km
1%
Ehtoja vastaavia visoja ei löytynyt
Tulosjakauma
Jokaisen tuloksen saaneiden osuus
Persentiili vastausten määrän mukaan
Tuloshistoriasi
Et ole pelannut tätä visaa